Countries Containing B and G - Statistics

General Stats
  • This quiz has been taken 62 times
    34 since last reset
  • The average score is 9 of 12
Answer Stats
Answer % Correct
Gabon
88%
Bangladesh
84%
Belgium
84%
Gambia (The)
84%
Guinea Bissau
84%
Bulgaria
80%
Bosnia and Herzegovina
76%
Luxembourg
68%
Antigua and Barbuda
64%
Dem. Rep. Congo
64%
Republic of the Congo
64%
Trinidad and Tobago
60%
No matching quizzes found
Score Distribution
Percent of People with Each Score
Percentile by Number Answered
Your Score History
You have not taken this quiz since the last reset